Datum a čas kvízu
34
Celkem bodů
Celkový počet nahraných bodů na tomto kvízu bez doplňovacích otázek.
2.
Pořadí na kvízu
Konečné umístění týmu na tomto kvízu.
Zaznamenané odpovědi
| # | Otázka | Odpověď | Body | Výsledky |
|---|---|---|---|---|
| 1. | Danuše Nerudová přijala nabídk... | STAN | 1 | |
| 2. | Berlínští policisté museli min... | o mývaly | 0 | |
| 3. | Který oblíbený zahraniční here... | Robert De Niro | 0 | |
| 4. | Tisíce lidí se v úterý shromáž... | v Irsku | 0 | |
| 5. | Která reprezentace zvítězila v... | Španělsko, Anglie | 1 | |
| 6. | Léto je v plném proudu a my vá... | v Brně | 0 | |
| 7. | Festival Hrady CZ objíždí již... | D | 1 | |
| 8. | Již od roku 1946 patří k létu... | Mariánské Lázně | 0 | |
| 9. | K létu neodmyslitelně patří ko... | Slezská Harta | 0 | |
| 10. | Přiřaďte následující oblíbené... | 1A 2B 3D 4C | 1 |